000 00637nam a2200217 i 4500
001 bg
100 1 _aLEBIEDIEWA, Swietłana
245 1 0 _aProjektowanie problemowo zorientowanych baz danych /
_cSwietłana Lebiediewa.
260 _aWrocław :
_bOficyna Wydaw. Politechniki Wrocławskiej,
_c1995.
300 _a174 s. :
_brys., wykr. ;
_c24 cm.
504 _aBibliogr. s. 172-174.
650 9 _aBank danych
655 _aPodręczniki akademickie
020 _a8370851347
040 _cBPK
041 0 _aeng
080 _a519.683.5(075.8)
920 _a83-7085-134-7
942 _cKS
008 s pl f |000 0 pol
999 _c24710
_d24710
856 _uhttp://koha.tu.koszalin.pl/cgi-bin/koha/opac-detail.pl?biblionumber=24710
_yKatalog online BPK